[Event "17th Olomouc GM 2014"]
[Site "Olomouc CZE"]
[Date "2014.08.04"]
[Round "6.3"]
[White "Mammadov, Zaur"]
[Black "Johansson, Jan SWE"]
[Result "1-0"]
[WhiteTitle "IM"]
[BlackTitle "IM"]
[WhiteElo "2441"]
[BlackElo "2378"]
[WhiteFideId "13401033"]
[BlackFideId "1700103"]
[EventDate "2014.07.30"]

1. e4 d6 2. d4 Nf6 3. Bd3 e5 4. dxe5 dxe5 5. Nf3 Nbd7 6. O-O Be7 7. Nbd2 c6 8.
Qe2 Qc7 9. b3 O-O 10. Bb2 Re8 11. Nc4 Bf8 12. a4 g6 13. Rfd1 Nh5 14. Qd2 f6 15.
b4 Nb6 16. Ne3 Be6 17. Qc3 Nf4 18. Bf1 a6 19. a5 Nc8 20. Nd5 Bxd5 21. exd5 Nd6
22. g3 Nh5 23. dxc6 bxc6 24. Nd2 Kh8 25. Qf3 e4 26. Qb3 e3 27. fxe3 Nf5 28. Nc4
Nhxg3 29. Bxf6+ Bg7 30. Bxg7+ Kxg7 31. Bg2 Ne4 32. Rd3 Nf6 33. Rad1 Re7 34. Qc3
Rf8 35. Nd6 Nh4 36. Bxc6 Kh6 37. Qc4 g5 38. Bg2 Qxc4 39. Nxc4 Ng4 40. h3 Nf2 41.
Rd6+ 1-0

[Event "17th Olomouc GM 2014"]
[Site "Olomouc CZE"]
[Date "2014.08.04"]
[Round "6.5"]
[White "Ali Marandi, Cemil Can"]
[Black "Cernousek, Lukas"]
[Result "1-0"]
[WhiteTitle "IM"]
[BlackTitle "IM"]
[WhiteElo "2385"]
[BlackElo "2457"]
[WhiteFideId "6300529"]
[BlackFideId "311707"]
[EventDate "2014.07.30"]

1. e4 c5 2. Nf3 d6 3. d4 Nf6 4. dxc5 Qa5+ 5. Bd2 Qxc5 6. Bd3 g6 7. O-O Bg7 8.
Nc3 Nbd7 9. a4 O-O 10. h3 Qc7 11. a5 Nc5 12. b4 Nxd3 13. cxd3 Bd7 14. Rc1 Rfc8
15. Be3 Qd8 16. Qd2 b6 17. a6 Qe8 18. Nd4 e5 19. Nde2 Bb5 20. Ra1 d5 21. exd5 e4
22. Bd4 Bxd3 23. Rfe1 Rc4 24. Rad1 Qd7 25. Qb2 Rxd4 26. Nxd4 Rc8 27. Qb3 Nh5 28.
Nxe4 Bc4 29. Qf3 Bxd5 30. g4 Rc4 31. gxh5 Bxd4 32. Rxd4 Rxd4 33. Nf6+ Kh8 34.
Qc3 Qxh3 35. Qxh3 1-0

[Event "17th Olomouc GM 2014"]
[Site "Olomouc CZE"]
[Date "2014.08.05"]
[Round "7.1"]
[White "Cernousek, Lukas"]
[Black "Firat, Burak"]
[Result "1-0"]
[WhiteTitle "IM"]
[BlackTitle "IM"]
[WhiteElo "2457"]
[BlackElo "2458"]
[WhiteFideId "311707"]
[BlackFideId "6305881"]
[EventDate "2014.07.30"]

1. d4 d5 2. c4 e6 3. Nf3 c6 4. Qc2 Nf6 5. Nbd2 Nbd7 6. g3 Be7 7. Bg2 O-O 8. O-O
b6 9. e4 Bb7 10. e5 Ne8 11. cxd5 cxd5 12. Re1 Ba6 13. Nf1 Rc8 14. Qa4 Bd3 15.
Re3 b5 16. Qb3 Bc4 17. Qd1 b4 18. Re1 Nc7 19. h4 Nb6 20. Bg5 Ba6 21. N1h2 Nc4
22. Rb1 Kh8 23. Bxe7 Qxe7 24. Ng5 h6 25. Nh3 f5 26. Nf4 Kh7 27. h5 Rf7 28. Nf3
Nb6 29. Nd2 Bc4 30. Nb3 Nd7 31. Ra1 Nf8 32. Bf3 Kg8 33. Qd2 Bxb3 34. axb3 Nb5
35. Ra5 a6 36. Rxa6 Rb8 37. Rea1 Nc7 38. Ra7 Nh7 39. Rc1 Ng5 40. Kg2 Qd8 41. Rc6
Kh7 42. Qc1 Nb5 43. Rxf7 Nxf7 44. Nxe6 Qe7 45. Qc5 1-0

[Event "17th Olomouc GM 2014"]
[Site "Olomouc CZE"]
[Date "2014.08.05"]
[Round "7.2"]
[White "Kislinsky, Alexey"]
[Black "Ali Marandi, Cemil Can"]
[Result "1/2-1/2"]
[WhiteTitle "GM"]
[BlackTitle "IM"]
[WhiteElo "2491"]
[BlackElo "2385"]
[WhiteFideId "14108801"]
[BlackFideId "6300529"]
[EventDate "2014.07.30"]

1. e4 e5 2. Nf3 Nc6 3. Nc3 Nf6 4. Be2 Be7 5. d4 exd4 6. Nxd4 O-O 7. O-O d5 8.
Nxc6 bxc6 9. e5 Nd7 10. f4 Rb8 11. Be3 Rxb2 12. Na4 Rb4 13. c4 dxc4 14. Qc2 Nb6
15. Nxb6 cxb6 16. Rad1 Qc7 17. Bxc4 Bc5 18. Bxc5 bxc5 19. Rd6 Qb6 20. Rfd1 Bg4
21. R1d2 Be6 22. Bxe6 Rb1+ 23. Rd1 Rxd1+ 24. Rxd1 fxe6 25. Qc4 Re8 26. Rc1 Qb4
27. Qxc5 Qxf4 28. Rf1 Qe4 29. Qf2 Qg6 30. Qxa7 Rf8 31. Rxf8+ Kxf8 32. Qb8+ Kf7
33. Qc7+ Kf8 34. Qd8+ Kf7 35. Qd7+ Kf8 36. Qc8+ Kf7 37. Qc7+ Kf8 38. Qb8+ Kf7
39. Qb7+ Kf8 40. Qb4+ Ke8 41. a4 Qd3 42. Qb8+ Kd7 43. h3 1/2-1/2

[Event "17th Olomouc GM 2014"]
[Site "Olomouc CZE"]
[Date "2014.08.05"]
[Round "7.3"]
[White "Johansson, Jan SWE"]
[Black "Neuman, Petr"]
[Result "1/2-1/2"]
[WhiteTitle "IM"]
[BlackTitle "GM"]
[WhiteElo "2378"]
[BlackElo "2488"]
[WhiteFideId "1700103"]
[BlackFideId "305243"]
[EventDate "2014.07.30"]

1. d4 d5 2. Nf3 c6 3. c4 Nf6 4. Nc3 a6 5. c5 Nbd7 6. Bf4 Nh5 7. Bd2 Nhf6 8. Qc2
Qc7 9. e4 e5 10. exd5 cxd5 11. b4 Be7 12. Be2 O-O 13. O-O e4 14. Ng5 Nb8 15. f3
Nc6 16. fxe4 Nxd4 17. Qd3 Nxe2+ 18. Qxe2 dxe4 19. Ngxe4 Qc6 1/2-1/2

[Event "17th Olomouc GM 2014"]
[Site "Olomouc CZE"]
[Date "2014.08.05"]
[Round "7.4"]
[White "Kanmazalp, Ogulcan"]
[Black "Mammadov, Zaur"]
[Result "1/2-1/2"]
[WhiteTitle "IM"]
[BlackTitle "IM"]
[WhiteElo "2412"]
[BlackElo "2441"]
[WhiteFideId "6304990"]
[BlackFideId "13401033"]
[EventDate "2014.07.30"]

1. e4 c6 2. d4 d5 3. Nc3 dxe4 4. Nxe4 Nd7 5. Ng5 Ngf6 6. Bd3 h6 7. Ne6 Qa5+ 8.
Bd2 Qb6 9. Nxf8 Nxf8 10. Ne2 Bg4 11. f3 Bh5 12. Nf4 Qxd4 13. Qe2 Bg6 14. Nxg6
Nxg6 15. Bc3 Qd5 16. Bxg6 fxg6 17. Rd1 Qf7 18. O-O 1/2-1/2

[Event "17th Olomouc GM 2014"]
[Site "Olomouc CZE"]
[Date "2014.08.05"]
[Round "7.5"]
[White "Garcia Roman, Daniel"]
[Black "Manik, Mikulas"]
[Result "1/2-1/2"]
[WhiteTitle "IM"]
[BlackTitle "GM"]
[WhiteElo "2379"]
[BlackElo "2394"]
[WhiteFideId "2215870"]
[BlackFideId "14900734"]
[EventDate "2014.07.30"]

1. d4 Nf6 2. c4 g6 3. Nc3 d6 4. e4 Bg7 5. Be2 O-O 6. Nf3 e5 7. O-O c6 8. d5 Na6
9. Ne1 Ne8 10. Be3 f5 11. f3 f4 12. Bf2 c5 13. a3 Rf7 14. Nd3 Bf8 15. b4 b6 16.
bxc5 Nxc5 17. a4 a5 18. Rb1 h5 19. Rb5 Bd7 20. Bxc5 Bxb5 21. cxb5 bxc5 22. Nb2
Nf6 23. Nc4 g5 24. Kf2 g4 25. Ke1 Rg7 26. Kd2 gxf3 27. gxf3 Raa7 28. Qb3 Nd7 29.
b6 Rb7 30. Rb1 Qh4 31. Qb5 Qf2 32. Qc6 Qd4+ 33. Kc2 Nb8 34. Qc8 Na6 35. Qe6+ Kh8
36. Qh6+ Kg8 37. Qe6+ Kh8 38. Rd1 Qf2 39. Qh6+ Kg8 40. Qe6+ Rgf7 41. Qg6+ Rg7
42. Qe6+ 1/2-1/2

[Event "17th Olomouc GM 2014"]
[Site "Olomouc CZE"]
[Date "2014.08.06"]
[Round "8.2"]
[White "Mammadov, Zaur"]
[Black "Garcia Roman, Daniel"]
[Result "1/2-1/2"]
[WhiteTitle "IM"]
[BlackTitle "IM"]
[WhiteElo "2441"]
[BlackElo "2379"]
[WhiteFideId "13401033"]
[BlackFideId "2215870"]
[EventDate "2014.07.30"]

1. e4 c5 2. c3 e6 3. d4 d5 4. exd5 exd5 5. Nf3 Nc6 6. Bb5 Bd6 7. dxc5 Bxc5 8.
O-O Ne7 9. Nbd2 O-O 10. Nb3 Bb6 11. Bf4 Bg4 12. Be2 Re8 13. h3 Bh5 14. Qd2 1/2-1/2

[Event "17th Olomouc GM 2014"]
[Site "Olomouc CZE"]
[Date "2014.08.06"]
[Round "8.4"]
[White "Ali Marandi, Cemil Can"]
[Black "Johansson, Jan SWE"]
[Result "1-0"]
[WhiteTitle "IM"]
[BlackTitle "IM"]
[WhiteElo "2385"]
[BlackElo "2378"]
[WhiteFideId "6300529"]
[BlackFideId "1700103"]
[EventDate "2014.07.30"]

1. e4 d6 2. d4 Nf6 3. Nc3 e5 4. Nf3 Nbd7 5. g4 Nxg4 6. Rg1 Ngf6 7. Be3 c6 8. Qd2
b5 9. O-O-O b4 10. dxe5 dxe5 11. Bc4 bxc3 12. Qxc3 Rb8 13. Ng5 Bb4 14. Bxf7+ Kf8
15. Qc4 Qe7 16. Ne6+ Kxf7 17. Rxg7+ Ke8 18. Rxe7+ Bxe7 19. Bh6 Ng4 20. Ng7+ Kf8
21. Qe6 Nxh6 22. Qxh6 Nf6 23. Nf5+ 1-0

[Event "17th Olomouc GM 2014"]
[Site "Olomouc CZE"]
[Date "2014.08.06"]
[Round "8.5"]
[White "Cernousek, Lukas"]
[Black "Kislinsky, Alexey"]
[Result "1/2-1/2"]
[WhiteTitle "IM"]
[BlackTitle "GM"]
[WhiteElo "2457"]
[BlackElo "2491"]
[WhiteFideId "311707"]
[BlackFideId "14108801"]
[EventDate "2014.07.30"]

1. d4 g6 2. c4 Bg7 3. g3 c5 4. d5 d6 5. Nf3 Na6 6. Bg2 Nf6 7. Nc3 O-O 8. O-O Nc7
9. a4 a6 10. a5 Rb8 11. e4 Bg4 12. h3 Bxf3 13. Bxf3 Nd7 14. Qc2 e6 15. Bg2 Re8
16. Bd2 exd5 17. exd5 f5 18. Rae1 Qf6 19. Na4 Qf7 20. b4 Bd4 21. bxc5 Nxc5 22.
Nxc5 Bxc5 23. Bc3 Rxe1 24. Rxe1 Re8 25. Rb1 f4 26. gxf4 Qxf4 27. Rxb7 Qxc4 28.
Qd2 Re2 29. Bf1 Bxf2+ 30. Kh1 Rxd2 31. Bxc4 Rc2 32. Rxc7 Rxc3 33. Rc8+ Kg7 34.
Bxa6 Ra3 35. Rc7+ Kh6 36. Bc8 Rxa5 37. Be6 Ra2 38. Bg8 Kg5 39. Bxh7 Bd4 40. Rc4
Rd2 41. Ra4 Kf6 42. Bg8 Ke5 43. Ra3 Kf4 44. Bh7 Rd1+ 45. Kh2 Rd2+ 46. Kh1 Bc5
47. Rc3 Rxd5 48. Bxg6 Rd1+ 49. Kh2 Rd2+ 50. Kh1 Rd1+ 51. Kh2 Bg1+ 52. Kg2 Be3
53. Kh2 d5 54. Rd3 Rf1 55. h4 d4 56. Bh5 Ke4 57. Bg6+ Ke5 58. Ra3 Kf4 59. Bh5
Rc1 60. Ra8 Rc7 61. Rf8+ Ke5 62. Re8+ Kf6 63. Kg3 Rd7 64. Bg4 Rd6 65. Kf3 Bh6
66. Ke4 d3 67. Re6+ Rxe6+ 68. Bxe6 Kxe6 69. Kxd3 1/2-1/2

[Event "17th Olomouc GM 2014"]
[Site "Olomouc CZE"]
[Date "2014.08.07"]
[Round "9.2"]
[White "Johansson, Jan SWE"]
[Black "Cernousek, Lukas"]
[Result "1/2-1/2"]
[WhiteTitle "IM"]
[BlackTitle "IM"]
[WhiteElo "2378"]
[BlackElo "2457"]
[WhiteFideId "1700103"]
[BlackFideId "311707"]
[EventDate "2014.07.30"]

1. d4 Nf6 2. c4 g6 3. Nc3 d5 4. Bg5 Bg7 5. e3 c5 6. Bxf6 Bxf6 7. cxd5 cxd4 8.
exd4 Qb6 9. Bb5+ Kf8 10. Nge2 a6 11. Ba4 Qxb2 12. O-O b5 13. Bb3 Qa3 14. Ne4 Nd7
15. Rc1 Kg7 16. Rc7 Rd8 17. d6 Rb8 18. Qd2 Bb7 19. Nc5 Nxc5 20. dxc5 Rdc8 21.
Rxb7 Rxb7 22. Qd5 Ra7 23. Qxf7+ Kh6 24. Nf4 Qxc5 25. Ne6 Qf5 26. Bd1 exd6 27.
Qxa7 Qxe6 28. Qxa6 Rc5 29. Bb3 Qe7 30. g3 Bd4 31. Qa8 Rf5 32. Qg2 Qe2 33. Kh1
Bxf2 34. Rc1 d5 35. g4 Rf3 36. g5+ Kg7 37. Bxd5 Rd3 38. Bb3 Qf3 39. Rf1 Qxg2+
40. Kxg2 Bc5 41. Rf7+ Kh8 42. Rc7 Bf8 43. Rf7 1/2-1/2

[Event "17th Olomouc GM 2014"]
[Site "Olomouc CZE"]
[Date "2014.08.07"]
[Round "9.4"]
[White "Garcia Roman, Daniel"]
[Black "Neuman, Petr"]
[Result "1/2-1/2"]
[WhiteTitle "IM"]
[BlackTitle "GM"]
[WhiteElo "2379"]
[BlackElo "2488"]
[WhiteFideId "2215870"]
[BlackFideId "305243"]
[EventDate "2014.07.30"]

1. d4 d5 2. c4 c6 3. Nc3 Nf6 4. Nf3 a6 5. e3 b5 6. b3 Bg4 7. Be2 Nbd7 8. O-O e6
9. h3 Bh5 10. Bb2 Bd6 11. Ne5 Bxe2 12. Nxe2 1/2-1/2